[Event "XXVIII Festival Conca della Presolana A"]
[Site "Bratto - Castione della Presolana ITA"]
[Date "2008.08.28"]
[Round "7"]
[White "Radice, Luca"]
[Black "Cereda, Loris"]
[Result "1/2-1/2"]
[WhiteElo "2098"]
[BlackElo "2043"]
[PlyCount "137"]
[EventDate "2008.08.22"]

1. d4 Nf6 2. c4 e6 3. Nc3 d5 4. Bg5 Nbd7 5. e3 c6 6. Nf3 Qa5 7. cxd5 Nxd5 8.
Qb3 Bb4 9. Rc1 h6 10. Bh4 e5 11. Bd3 exd4 12. exd4 Nf4 13. Bc4 O-O 14. O-O Nb6
15. Bg3 Nxc4 16. Bxf4 Be6 17. a3 Nxa3 18. d5 cxd5 19. bxa3 Qxa3 20. Qxa3 Bxa3
21. Rb1 Rac8 22. Nb5 Bc5 23. Bd6 Rfd8 24. Bxc5 Rxc5 25. Nxa7 Rd7 26. Nb5 Bf5
27. Rfc1 b6 28. Rxc5 bxc5 29. Rc1 c4 30. Nfd4 Be6 31. Kf1 Kf8 32. Ke2 Ke7 33.
Ke3 Rb7 34. Ra1 g6 35. Ra7 Rxa7 36. Nxa7 Kd6 37. Nab5+ Kc5 38. f4 Bd7 39. Nc3
h5 40. h3 Bc8 41. Na4+ Kb4 42. Nb6 Be6 43. Nxe6 fxe6 44. Nd7 Kc3 45. Nc5 d4+
46. Ke2 Kc2 47. Ne4 d3+ 48. Ke3 c3 49. Nf2 d2 50. Ke2 h4 51. Nd1 Kb3 52. Ne3
Kb2 53. Kd1 Kb1 54. Nc2 Kb2 55. Nd4 Kb1 56. Nb3 Ka2 57. Nxd2 cxd2 58. Kxd2 Kb2
59. Kd3 Kc1 60. Ke2 Kc2 61. Kf3 Kd3 62. Kg4 Ke4 63. g3 hxg3 64. Kxg3 Kf5 65. h4
e5 66. fxe5 Kxe5 67. Kg4 Kf6 68. h5 gxh5+ 69. Kxh5 1/2-1/2

[Event "XXVIII Festival Conca della Presolana A"]
[Site "Bratto - Castione della Presolana ITA"]
[Date "2008.08.28"]
[Round "7"]
[White "Ricci, Alfredo"]
[Black "Marguerettaz, Davy"]
[Result "0-1"]
[WhiteElo "2069"]
[BlackElo "1987"]
[PlyCount "56"]
[EventDate "2008.08.22"]

1. e4 c5 2. Nf3 Nc6 3. d4 cxd4 4. Nxd4 g6 5. Nxc6 bxc6 6. Qd4 Nf6 7. e5 Nd5 8.
e6 Nf6 9. exf7+ Kxf7 10. Qc4+ e6 11. Bd3 Bb7 12. Bg5 Qa5+ 13. Bd2 Qe5+ 14. Kf1
Qxb2 15. Qc3 Qxc3 16. Nxc3 Bg7 17. Rb1 Bc8 18. h3 Nd5 19. Ne4 e5 20. g3 Nf6 21.
Nd6+ Ke6 22. Bb4 Bf8 23. Bc4+ Nd5 24. Nxc8 Bxb4 25. Rxb4 Rhxc8 26. Ke2 Kd6 27.
Rb7 Rab8 28. Rhb1 Nc3+ 0-1

[Event "XXVIII Festival Conca della Presolana A"]
[Site "Bratto - Castione della Presolana ITA"]
[Date "2008.08.28"]
[Round "7"]
[White "Rombaldoni, Denis"]
[Black "Godena, Michele"]
[Result "1/2-1/2"]
[WhiteElo "2418"]
[BlackElo "2519"]
[PlyCount "85"]
[EventDate "2008.08.22"]

1. e4 e5 2. Nf3 Nc6 3. d4 exd4 4. Nxd4 Bc5 5. Nxc6 bxc6 6. Bd3 Qh4 7. Qf3 Nf6
8. Bf4 d6 9. h3 Rb8 10. Nd2 Bg4 11. Qg3 Qxg3 12. Bxg3 Be6 13. Nb3 Bb6 14. f4
O-O 15. Kd2 c5 16. f5 Bd7 17. c4 Rfe8 18. Rhe1 a5 19. a4 Bc6 20. e5 Nh5 21. Bh2
dxe5 22. Be4 Bxe4 23. Rxe4 f6 24. g4 Nf4 25. Bxf4 exf4 26. Rae1 Rbd8+ 27. Kc2
Kf7 28. Rxe8 Rxe8 29. Rxe8 Kxe8 30. Kd3 g5 31. fxg6 hxg6 32. Ke4 g5 33. Kf5 Kf7
34. Nd2 c6 35. Nf3 Bc7 36. h4 gxh4 37. Nxh4 Be5 38. b3 Bc7 39. Nf3 Bd6 40. Nd2
Ke7 41. Ke4 Kf7 42. Nf3 Ke6 43. Ne1 1/2-1/2

[Event "XXVIII Festival Conca della Presolana A"]
[Site "Bratto - Castione della Presolana ITA"]
[Date "2008.08.28"]
[Round "7"]
[White "Salami, Marco"]
[Black "Pesce, Gabriele"]
[Result "1/2-1/2"]
[WhiteElo "2186"]
[BlackElo "2102"]
[PlyCount "43"]
[EventDate "2008.08.22"]

1. e4 c5 2. Nf3 Nc6 3. Bb5 g6 4. O-O Bg7 5. c3 Nf6 6. Qa4 Qb6 7. e5 Nd5 8. d4
cxd4 9. cxd4 a6 10. Bc4 Nc7 11. Nc3 O-O 12. Re1 Qb4 13. Qxb4 Nxb4 14. Rd1 b5
15. Be2 Bb7 16. a3 Nbd5 17. Ne4 Nf4 18. Bxf4 Bxe4 19. Bg5 Rfe8 20. Nd2 Bd5 21.
Bf3 Bxf3 22. Nxf3 1/2-1/2

[Event "XXVIII Festival Conca della Presolana A"]
[Site "Bratto - Castione della Presolana ITA"]
[Date "2008.08.28"]
[Round "7"]
[White "Salmoiraghi, Angelo"]
[Black "Stips, Felix"]
[Result "1-0"]
[WhiteElo "2106"]
[BlackElo "2061"]
[PlyCount "33"]
[EventDate "2008.08.22"]

1. e4 d5 2. exd5 Qxd5 3. Nc3 Qd6 4. g3 Nf6 5. Bg2 e5 6. Nge2 g6 7. O-O Nc6 8.
d4 Nxd4 9. Nxd4 Qxd4 10. Qxd4 exd4 11. Nb5 Kd8 12. Bg5 Bg7 13. Nxd4 h6 14. Rad1
Bd7 15. Bxf6+ Bxf6 16. Bxb7 Rb8 17. Nc6+ 1-0

[Event "XXVIII Festival Conca della Presolana A"]
[Site "Bratto - Castione della Presolana ITA"]
[Date "2008.08.28"]
[Round "7"]
[White "Salvador, Roland"]
[Black "Piasetski, Leon David"]
[Result "1-0"]
[WhiteElo "2443"]
[BlackElo "2314"]
[PlyCount "99"]
[EventDate "2008.08.22"]

1. d4 Nf6 2. Nf3 g6 3. Nc3 d5 4. Bf4 Bg7 5. e3 O-O 6. Be2 c5 7. Ne5 Nc6 8. O-O
Be6 9. dxc5 Qa5 10. Nb5 Ne4 11. Nxc6 bxc6 12. Nd4 Qxc5 13. c3 Bd7 14. Bc7 e5
15. Nb3 Qe7 16. Ba5 Be6 17. f3 Nd6 18. Bb4 Rfd8 19. Ba6 Bh6 20. Qe2 Bc8 21. Bc5
Qc7 22. Bxc8 Raxc8 23. Rad1 Nc4 24. Nc1 Qa5 25. b4 Qc7 26. Nd3 Nb6 27. f4 Na4
28. fxe5 Nxc3 29. Qf3 Nxd1 30. Rxd1 a5 31. a3 axb4 32. axb4 Ra8 33. Rf1 Ra3 34.
e6 f5 35. Qe2 Rda8 36. b5 Ra2 37. Qf3 Ra1 38. b6 Rxf1+ 39. Qxf1 Qb8 40. Qb1 Bg7
41. Bd4 Ra5 42. Bxg7 Kxg7 43. Qb2+ Kg8 44. e7 Qe8 45. Qf6 Ra3 46. b7 Rb3 47.
Nc5 Rb1+ 48. Kf2 Qf7 49. Ne6 Qxf6 50. e8=Q+ 1-0

[Event "XXVIII Festival Conca della Presolana A"]
[Site "Bratto - Castione della Presolana ITA"]
[Date "2008.08.28"]
[Round "7"]
[White "Shytaj, Luca"]
[Black "Piscopo, Pierluigi"]
[Result "1-0"]
[WhiteElo "2467"]
[BlackElo "2389"]
[PlyCount "41"]
[EventDate "2008.08.22"]

1. e4 c5 2. Nf3 d6 3. Nc3 Nc6 4. d4 cxd4 5. Nxd4 Bd7 6. Be3 a6 7. Qd2 e6 8.
O-O-O Rc8 9. Kb1 Nge7 10. Nb3 Ng6 11. f4 b5 12. Qf2 Qc7 13. h4 h5 14. g4 hxg4
15. h5 Nge7 16. Bxb5 Qb7 17. Be2 Ng8 18. Bxg4 Rb8 19. Bf3 Qc7 20. Rd2 Nge7 21.
Rhd1 1-0

[Event "XXVIII Festival Conca della Presolana A"]
[Site "Bratto - Castione della Presolana ITA"]
[Date "2008.08.28"]
[Round "7"]
[White "Tatai, Stefano"]
[Black "Bonazzi, Edoardo"]
[Result "1-0"]
[WhiteElo "2372"]
[BlackElo "2163"]
[PlyCount "169"]
[EventDate "2008.08.22"]

1. d4 Nf6 2. c4 c5 3. d5 b5 4. cxb5 a6 5. b6 e6 6. Nc3 Nxd5 7. Nxd5 exd5 8.
Qxd5 Nc6 9. Nf3 Rb8 10. e3 Be7 11. Bd2 Rxb6 12. Bc3 O-O 13. Be2 d6 14. O-O Be6
15. Qd2 Qb8 16. e4 h6 17. b3 Ne5 18. Qb2 Bf6 19. Nd2 Nd7 20. Rac1 a5 21. f4
Bxc3 22. Rxc3 Nf6 23. Rg3 Kh8 24. Rff3 Nh5 25. f5 Bxf5 26. exf5 Nxg3 27. Rxg3
f6 28. Nc4 Rb4 29. a3 Rb7 30. Nxa5 Rc7 31. Nc4 d5 32. Ne3 Rd8 33. Nc2 Qc8 34.
Rf3 Re8 35. Bf1 Re5 36. Ne3 Rce7 37. Qd2 Qb7 38. Ng4 Re1 39. Ne3 Ra1 40. Nxd5
Ree1 41. Ne3 Qe4 42. Nc2 Rad1 43. Qc3 Rc1 44. Rf2 Re2 45. Qxc5 Rexc2 46. Rxc2
Rxc2 47. Qb6 Qxf5 48. Qd8+ Kh7 49. Qd3 g6 50. Qxf5 gxf5 51. Bd3 Rb2 52. Bxf5+
Kg7 53. Be6 Kf8 54. a4 Ke7 55. Bc4 Ra2 56. h3 Kd6 57. Kh2 Ke5 58. Kg3 f5 59.
Kf3 f4 60. g3 fxg3 61. Kxg3 Kf5 62. Kh4 Kf6 63. Kh5 Kg7 64. Kg4 Kf6 65. Kf4 Rh2
66. a5 Rxh3 67. a6 Rh1 68. Bb5 Rh4+ 69. Ke3 Rb4 70. Bc4 Rb8 71. Bd5 Re8+ 72.
Kf4 Re7 73. Bb7 Rc7 74. Kg4 h5+ 75. Kh4 Kg6 76. a7 Rxb7 77. a8=Q Rb4+ 78. Kg3
Rxb3+ 79. Kf4 Rb4+ 80. Ke5 Rg4 81. Qe8+ Kg5 82. Qe7+ Kh6 83. Kf5 Rg6 84. Qe8
Rg5+ 85. Kf6 1-0

[Event "XXVIII Festival Conca della Presolana A"]
[Site "Bratto - Castione della Presolana ITA"]
[Date "2008.08.28"]
[Round "7"]
[White "Tomba, Ivan"]
[Black "Korneev, Oleg"]
[Result "0-1"]
[WhiteElo "2309"]
[BlackElo "2631"]
[PlyCount "82"]
[EventDate "2008.08.22"]

1. e4 c5 2. Nf3 e6 3. d4 cxd4 4. Nxd4 a6 5. Bd3 Bc5 6. Nb3 Ba7 7. Nc3 Ne7 8.
Qg4 O-O 9. Qg3 d6 10. e5 dxe5 11. Bg5 f6 12. O-O-O Qe8 13. Bh6 Qf7 14. Bd2 Nbc6
15. Ne4 Qg6 16. Ng5 Nf5 17. Bxf5 exf5 18. Nh3 f4 19. Qxg6 hxg6 20. f3 a5 21.
Nxa5 Nxa5 22. Bxa5 Be3+ 23. Bd2 Bxh3 24. gxh3 Bxd2+ 25. Kxd2 Rxa2 26. Kc3 Rc8+
27. Kb3 Ra6 28. c3 Rc7 29. Rd5 Rb6+ 30. Kc2 Kf7 31. b3 Ke6 32. Rhd1 Ra6 33. Kb2
Ra8 34. Rd8 Rxd8 35. Rxd8 g5 36. c4 g6 37. Rh8 e4 38. fxe4 f3 39. Ra8 Rh7 40.
Kc3 f2 41. Ra1 Rxh3+ 0-1

[Event "XXVIII Festival Conca della Presolana A"]
[Site "Bratto - Castione della Presolana ITA"]
[Date "2008.08.28"]
[Round "7"]
[White "Tramalloni, Luca"]
[Black "Sbarra, Marco"]
[Result "0-1"]
[WhiteElo "2109"]
[BlackElo "2236"]
[PlyCount "70"]
[EventDate "2008.08.22"]

1. d4 d5 2. Nf3 c5 3. e3 e6 4. Bd3 Nf6 5. Nbd2 Be7 6. b3 Nc6 7. a3 Rb8 8. dxc5
Bxc5 9. c4 O-O 10. O-O a5 11. Bb2 b6 12. Qc2 d4 13. exd4 Nxd4 14. Bxd4 Bxd4 15.
Nxd4 Qxd4 16. Nf3 Qc5 17. Qc3 Bb7 18. b4 Qh5 19. Ne5 Rfc8 20. f3 axb4 21. axb4
Nd5 22. Qd4 Nxb4 23. g4 Qg5 24. Bb1 Rd8 25. Qc3 Nc6 26. Nxc6 Bxc6 27. Ra7 Qc5+
28. Kg2 b5 29. Bxh7+ Kxh7 30. Rxf7 Qd4 31. Qa3 bxc4 32. Qe7 Qxg4+ 33. Kh1 Rd1
34. Rxg7+ Qxg7 35. Qh4+ Kg8 0-1

[Event "XXVIII Festival Conca della Presolana A"]
[Site "Bratto - Castione della Presolana ITA"]
[Date "2008.08.28"]
[Round "7"]
[White "Vezzosi, Paolo"]
[Black "Spassov, Liuben D."]
[Result "1/2-1/2"]
[WhiteElo "2352"]
[BlackElo "2428"]
[PlyCount "50"]
[EventDate "2008.08.22"]

1. d4 Nf6 2. c4 e6 3. Nf3 Bb4+ 4. Bd2 a5 5. g3 d5 6. Bg2 dxc4 7. O-O Nc6 8. Bg5
O-O 9. e3 h6 10. Bxf6 Qxf6 11. Qc2 e5 12. d5 Nb8 13. Nbd2 Bd6 14. Nxc4 Nd7 15.
Rac1 Re8 16. Nxd6 cxd6 17. Nd2 Nc5 18. Nc4 Nd7 19. Na3 Rd8 20. Qc7 Nc5 21. e4
Bd7 22. Nc4 Bb5 23. Qb6 Bxc4 24. Rxc4 Qe7 25. Qb5 Qd7 1/2-1/2

[Event "XXVIII Festival Conca della Presolana A"]
[Site "Bratto - Castione della Presolana ITA"]
[Date "2008.08.28"]
[Round "7"]
[White "Zinani, Alessandro"]
[Black "Hanly, Steven"]
[Result "1-0"]
[WhiteElo "2240"]
[BlackElo "2020"]
[PlyCount "57"]
[EventDate "2008.08.22"]

1. d4 e6 2. Nf3 Nf6 3. Bg5 d5 4. Nbd2 Be7 5. e3 O-O 6. Bd3 b6 7. Ne5 h6 8. Bh4
Bb7 9. O-O c5 10. c3 Nc6 11. f4 Nd7 12. Bxe7 Nxe7 13. Qf3 f5 14. g4 fxg4 15.
Qxg4 Nf5 16. Rae1 Nxe5 17. fxe5 Bc8 18. Rf3 c4 19. Bb1 Qh4 20. Qxh4 Nxh4 21.
Rxf8+ Kxf8 22. Rf1+ Kg8 23. e4 Bb7 24. exd5 Bxd5 25. Be4 Rf8 26. Bh7+ Kxh7 27.
Rxf8 Nf5 28. Kf2 a5 29. Rb8 1-0

[Event "XXVIII Festival Conca della Presolana A"]
[Site "Bratto - Castione della Presolana ITA"]
[Date "2008.08.29"]
[Round "8"]
[White "Barberi, Alessandro"]
[Black "Leburgue, Sylvain"]
[Result "0-1"]
[WhiteElo "2153"]
[BlackElo "2168"]
[PlyCount "32"]
[EventDate "2008.08.22"]

1. d4 f5 2. Nc3 Nf6 3. Bg5 d5 4. f3 c5 5. e4 Nc6 6. Bb5 fxe4 7. fxe4 Nxe4 8.
Nxe4 dxe4 9. Ne2 Qa5+ 10. Nc3 cxd4 11. O-O dxc3 12. Qd5 Qb6+ 13. Kh1 e6 14.
Bxc6+ bxc6 15. Rxf8+ Rxf8 16. Qd6 Rf7 0-1

[Event "XXVIII Festival Conca della Presolana A"]
[Site "Bratto - Castione della Presolana ITA"]
[Date "2008.08.29"]
[Round "8"]
[White "Barlocco, Carlo"]
[Black "Parodi, Alessandro"]
[Result "1-0"]
[WhiteElo "2150"]
[BlackElo "2053"]
[PlyCount "79"]
[EventDate "2008.08.22"]

1. Nc3 Nf6 2. Nf3 g6 3. d4 Bg7 4. e4 d6 5. Be2 O-O 6. O-O Nc6 7. h3 e5 8. Be3
Nh5 9. dxe5 dxe5 10. Qxd8 Nxd8 11. Nd5 Ne6 12. Rfd1 Nhf4 13. Ne7+ Kh8 14. Bc4
Bf6 15. Nxc8 Raxc8 16. Rd7 a6 17. Rad1 b5 18. Bxf4 exf4 19. Bxe6 fxe6 20. e5
Bd8 21. Nd4 Bh4 22. Nxe6 Rfe8 23. Nxf4 Rxe5 24. Rf7 Re7 25. Rxe7 Bxe7 26. Rd7
Bd6 27. Nd5 Be5 28. c3 c5 29. f4 Bb8 30. Nf6 Rc7 31. Rd8+ Kg7 32. Ne8+ Kh6 33.
Nxc7 Bxc7 34. Ra8 Bxf4 35. Rxa6 c4 36. Ra5 b4 37. Ra4 Bd6 38. cxb4 Be5 39. b5
Bxb2 40. Rxc4 1-0

[Event "XXVIII Festival Conca della Presolana A"]
[Site "Bratto - Castione della Presolana ITA"]
[Date "2008.08.29"]
[Round "8"]
[White "Bentivegna, Francesco"]
[Black "Bernardi, Ruben"]
[Result "1-0"]
[WhiteElo "2329"]
[BlackElo "2140"]
[PlyCount "97"]
[EventDate "2008.08.22"]

1. e4 c5 2. Nc3 Nc6 3. Bb5 e6 4. Bxc6 bxc6 5. d3 d5 6. Nf3 d4 7. Ne2 f6 8. e5
fxe5 9. Nxe5 Qd5 10. Nf3 e5 11. Ng3 Bg4 12. O-O Bd6 13. Re1 Ne7 14. Re4 h5 15.
h3 Bd7 16. Bg5 Ng6 17. Nxe5 Nxe5 18. f4 Kf8 19. fxe5 Bxe5 20. Qf3+ Kg8 21. Rf1
Bg4 22. hxg4 Bxg3 23. Bf4 Bxf4 24. Qxf4 hxg4 25. Qxg4 Rh5 26. b3 Rd8 27. Rf3
Kh7 28. Rh3 Rxh3 29. Qxh3+ Kg8 30. Qe6+ Qxe6 31. Rxe6 Rc8 32. Re7 Kf8 33. Rxa7
Re8 34. Kf2 Re6 35. Ra5 Rf6+ 36. Kg1 Ke7 37. Rxc5 Kd6 38. Rg5 g6 39. b4 Kc7 40.
a4 Kb6 41. a5+ Ka6 42. Rc5 Ka7 43. Kh2 Re6 44. Kg3 Kb7 45. Kg4 Re2 46. g3 Rg2
47. Rc4 g5 48. Kf3 Rh2 49. g4 1-0

[Event "XXVIII Festival Conca della Presolana A"]
[Site "Bratto - Castione della Presolana ITA"]
[Date "2008.08.29"]
[Round "8"]
[White "Boccalatte, Piero"]
[Black "Carrara, Diego"]
[Result "1/2-1/2"]
[WhiteElo "2011"]
[BlackElo "2043"]
[PlyCount "26"]
[EventDate "2008.08.22"]

1. d4 Nf6 2. c4 d6 3. Nc3 c6 4. e4 Nbd7 5. Bd3 e5 6. d5 Be7 7. Nge2 Nf8 8. O-O
Ng6 9. Ng3 O-O 10. Nce2 Ne8 11. Nf5 Bg5 12. Neg3 c5 13. Re1 a6 1/2-1/2

[Event "XXVIII Festival Conca della Presolana A"]
[Site "Bratto - Castione della Presolana ITA"]
[Date "2008.08.29"]
[Round "8"]
[White "Bonazzi, Edoardo"]
[Black "Tramalloni, Luca"]
[Result "0-1"]
[WhiteElo "2163"]
[BlackElo "2109"]
[PlyCount "50"]
[EventDate "2008.08.22"]

1. Nf3 c5 2. c4 b6 3. g3 Bb7 4. Bg2 e6 5. O-O Nf6 6. Nc3 a6 7. d4 cxd4 8. Qxd4
d6 9. Rd1 Nbd7 10. b3 Qc7 11. Bb2 Be7 12. Rac1 Rc8 13. e4 Qb8 14. Ne1 O-O 15.
Nc2 Rfd8 16. Ne3 Qa8 17. Ba3 Nc5 18. f3 d5 19. exd5 Nxb3 20. axb3 Bxa3 21. Rb1
Bc5 22. Qd3 exd5 23. cxd5 Nxd5 24. Ncxd5 Rxd5 25. Qe2 Re8 0-1

[Event "XXVIII Festival Conca della Presolana A"]
[Site "Bratto - Castione della Presolana ITA"]
[Date "2008.08.29"]
[Round "8"]
[White "Borgo, Giulio"]
[Black "De Haan, Eric"]
[Result "1-0"]
[WhiteElo "2442"]
[BlackElo "2356"]
[PlyCount "81"]
[EventDate "2008.08.22"]

1. Nf3 c5 2. c4 Nf6 3. Nc3 b6 4. e4 d6 5. d4 cxd4 6. Nxd4 Bb7 7. Qe2 e6 8. g3
Be7 9. Bg2 a6 10. f4 Qc7 11. Be3 O-O 12. Rc1 Nbd7 13. O-O Rac8 14. f5 Qxc4 15.
fxe6 Qxe2 16. Ncxe2 fxe6 17. Nxe6 Rfe8 18. Nc7 Rf8 19. Bh3 Bxe4 20. Nf4 h6 21.
Nfe6 Rf7 22. Nd4 Bd8 23. Nce6 Rxc1 24. Rxc1 Be7 25. Nc6 Nd5 26. Nxe7+ Rxe7 27.
Rc8+ Kh7 28. Bd4 Kg6 29. Rd8 Bf5 30. Rxd7 Bxh3 31. Rxe7 Nxe7 32. Nf4+ Kf5 33.
Nxh3 Ke4 34. Bxb6 Kd3 35. g4 Nc6 36. Bc7 Kc2 37. Bxd6 Kxb2 38. Bf8 Kxa2 39.
Bxg7 a5 40. Bxh6 a4 41. Bg7 1-0

[Event "XXVIII Festival Conca della Presolana A"]
[Site "Bratto - Castione della Presolana ITA"]
[Date "2008.08.29"]
[Round "8"]
[White "Bruno, Fabio"]
[Black "Ranieri, Fabrizio"]
[Result "1-0"]
[WhiteElo "2453"]
[BlackElo "2245"]
[PlyCount "105"]
[EventDate "2008.08.22"]

1. d4 d5 2. Nf3 Nf6 3. e3 e6 4. Bd3 c6 5. O-O Nbd7 6. b3 Bd6 7. Bb2 O-O 8. Ne5
Qc7 9. f4 Ne4 10. Bxe4 dxe4 11. Nd2 f5 12. Ndc4 Be7 13. a4 Nf6 14. a5 Bd7 15.
Ba3 Bxa3 16. Rxa3 Be8 17. Qd2 Bh5 18. b4 Nd5 19. Rb3 h6 20. b5 cxb5 21. Rxb5 b6
22. Rfb1 Be8 23. R5b3 b5 24. Na3 b4 25. Rxb4 Nxb4 26. Qxb4 Bh5 27. c4 Rab8 28.
Nb5 Qc8 29. a6 Be8 30. Qa5 Bxb5 31. cxb5 Qc2 32. Qe1 Rfc8 33. Nd7 Ra8 34. Nc5
Qc4 35. Rb4 Qa2 36. h3 Rab8 37. Qc3 Rb6 38. Rb3 Qe2 39. Rb2 Qd1+ 40. Kh2 Qf1
41. Qb3 Kh8 42. Qa2 Qe1 43. Re2 Qd1 44. Nxe6 Rc1 45. d5 h5 46. Qb2 Qg1+ 47. Kg3
Rc7 48. Qe5 Rf7 49. Ng5 Rf8 50. Ne6 Rf7 51. Qc3 Rf6 52. Qc8+ Kh7 53. Ng5+ 1-0

[Event "XXVIII Festival Conca della Presolana A"]
[Site "Bratto - Castione della Presolana ITA"]
[Date "2008.08.29"]
[Round "8"]
[White "Burlando, Alessandro"]
[Black "Bellavita, Guido"]
[Result "1-0"]
[WhiteElo "2161"]
[BlackElo "2101"]
[PlyCount "121"]
[EventDate "2008.08.22"]

1. d4 d5 2. c4 Nc6 3. Nc3 dxc4 4. d5 Ne5 5. Qd4 Ng6 6. e4 e5 7. Qxc4 Bd6 8. Qb3
N8e7 9. h4 O-O 10. h5 Nh8 11. Be3 f6 12. g3 Nf7 13. Bh3 Bxh3 14. Nxh3 Qd7 15.
O-O-O Rfb8 16. Rdg1 Qg4 17. f4 b5 18. Qd1 Qxd1+ 19. Rxd1 a5 20. f5 h6 21. Rh2
a4 22. Rc2 b4 23. Nb1 b3 24. axb3 Rxb3 25. Rc3 Rab8 26. Rxb3 Rxb3 27. Bf2 Bb4
28. Kc2 Nd6 29. Rd3 Nxe4 30. Rxb3 axb3+ 31. Kxb3 Nxd5 32. Kc4 c6 33. Kd3 Nd6
34. g4 Kf7 35. Na3 Ke7 36. Ba7 Nb7 37. Be3 Nxe3 38. Kxe3 Bxa3 39. bxa3 Kd6 40.
Nf2 Nc5 41. Nd1 Kd5 42. Nb2 Nb7 43. Kd3 Nd6 44. a4 Kc5 45. Kc3 Kb6 46. Kb4 c5+
47. Ka3 Kc6 48. Kb3 Kd5 49. Kc3 Ne4+ 50. Kb3 Nf2 51. a5 Nxg4 52. Nc4 Kc6 53.
Ka4 Kb7 54. Kb5 e4 55. a6+ Ka7 56. Nb6 Ne5 57. Nc8+ Kb8 58. Kb6 e3 59. Nd6 Nc4+
60. Nxc4 e2 61. a7+ 1-0

[Event "XXVIII Festival Conca della Presolana A"]
[Site "Bratto - Castione della Presolana ITA"]
[Date "2008.08.29"]
[Round "8"]
[White "Castelfranchi, Carlo"]
[Black "De Nardi, Riccardo"]
[Result "1-0"]
[WhiteElo "2088"]
[BlackElo "1982"]
[PlyCount "33"]
[EventDate "2008.08.22"]

1. e4 c5 2. Nf3 d6 3. d4 cxd4 4. Nxd4 Nf6 5. Nc3 g6 6. f4 Nc6 7. Nxc6 bxc6 8.
e5 Nd7 9. Bc4 d5 10. Nxd5 cxd5 11. Qxd5 Nb6 12. Qxf7+ Kd7 13. Be3 Kc6 14. Rd1
Bd7 15. Bxb6 axb6 16. Qd5+ Kc7 17. e6 1-0

[Event "XXVIII Festival Conca della Presolana A"]
[Site "Bratto - Castione della Presolana ITA"]
[Date "2008.08.29"]
[Round "8"]
[White "Cereda, Loris"]
[Black "Mazzariol, Oscar"]
[Result "1/2-1/2"]
[WhiteElo "2043"]
[BlackElo "2080"]
[PlyCount "44"]
[EventDate "2008.08.22"]

1. d4 Nf6 2. Nf3 g6 3. Nbd2 Bg7 4. e4 O-O 5. c3 d6 6. Bd3 e5 7. O-O Nc6 8. d5
Ne7 9. Re1 Nh5 10. Nf1 h6 11. Ng3 Nf4 12. Bxf4 exf4 13. Ne2 g5 14. Ned4 a6 15.
Bc2 Bg4 16. Qd3 Bh5 17. Rad1 Ng6 18. Ne2 g4 19. Nfd4 Be5 20. Nf5 Kh7 21. g3 Qg5
22. Qd2 Rad8 1/2-1/2

[Event "XXVIII Festival Conca della Presolana A"]
[Site "Bratto - Castione della Presolana ITA"]
[Date "2008.08.29"]
[Round "8"]
[White "D'Apa, Matteo"]
[Black "Davi, Alessandro"]
[Result "1-0"]
[WhiteElo "2095"]
[BlackElo "2009"]
[PlyCount "121"]
[EventDate "2008.08.22"]

1. d4 Nf6 2. c4 g6 3. Nc3 d5 4. cxd5 Nxd5 5. e4 Nxc3 6. bxc3 Bg7 7. Nf3 c5 8.
Be3 O-O 9. Be2 Nc6 10. O-O cxd4 11. cxd4 Bg4 12. e5 e6 13. h3 Bf5 14. Qb3 Qd7
15. Rfd1 Be4 16. Rac1 Bd5 17. Qb2 Rfc8 18. Nd2 Ne7 19. Bc4 Bf8 20. Bxd5 Nxd5
21. Ne4 b6 22. h4 Qb7 23. Qe2 Rxc1 24. Rxc1 Rc8 25. h5 Rxc1+ 26. Bxc1 Qc6 27.
Be3 Be7 28. hxg6 hxg6 29. Qf3 Qc2 30. a3 a6 31. Kh2 b5 32. Bg5 Bxg5 33. Nxg5
Qf5 34. Qg3 Qf4 35. Nf3 Qxg3+ 36. Kxg3 a5 37. Nd2 b4 38. axb4 Nxb4 39. Kf3 a4
40. Ke2 Kf8 41. g3 Ke7 42. Nc4 Nc6 43. Kd3 f6 44. Kc3 f5 45. f4 Kf7 46. Ne3 Ne7
47. Kb2 Nc6 48. Nc2 g5 49. Ka3 Kg6 50. Kxa4 gxf4 51. gxf4 Kh5 52. Kb5 Ne7 53.
Ne3 Kh4 54. Kc5 Ng6 55. d5 exd5 56. Nxd5 Kg4 57. e6 Kf3 58. Kd6 Ke4 59. Kc5 Kd3
60. e7 Nxe7 61. Nxe7 1-0

[Event "XXVIII Festival Conca della Presolana A"]
[Site "Bratto - Castione della Presolana ITA"]
[Date "2008.08.29"]
[Round "8"]
[White "De Filomeno, Simone"]
[Black "Tomba, Ivan"]
[Result "0-1"]
[WhiteElo "2102"]
[BlackElo "2309"]
[PlyCount "72"]
[EventDate "2008.08.22"]

1. e4 c5 2. Nf3 d6 3. d4 cxd4 4. Nxd4 e6 5. Nc3 a6 6. g3 b5 7. Bg2 Bb7 8. O-O
Nd7 9. Re1 Qc7 10. a4 bxa4 11. Rxa4 Be7 12. Qg4 g6 13. Bg5 Ngf6 14. Nxe6 fxe6
15. Qxe6 Nc5 16. Qc4 Rc8 17. Ra3 h6 18. Bxf6 Bxf6 19. e5 dxe5 20. Bxb7 Qxb7 21.
b4 Nd7 22. Qe6+ Kf8 23. Ne4 Qc6 24. Rxa6 Qxe6 25. Rxe6 Kf7 26. Rd6 Rc7 27. Red1
Ke7 28. Rxd7+ Rxd7 29. Rxd7+ Kxd7 30. Nxf6+ Ke6 31. Ne4 Kd5 32. f3 Kc4 33. c3
Kd3 34. Kf2 h5 35. Nd6 Ra8 36. f4 e4 0-1

[Event "XXVIII Festival Conca della Presolana A"]
[Site "Bratto - Castione della Presolana ITA"]
[Date "2008.08.29"]
[Round "8"]
[White "De Florio, Federico"]
[Black "Madiai, Federico"]
[Result "0-1"]
[WhiteElo "2106"]
[BlackElo "2066"]
[PlyCount "72"]
[EventDate "2008.08.22"]

1. Nf3 d5 2. d4 Nf6 3. e3 g6 4. Bd3 Bg7 5. b3 c5 6. Bb2 Nc6 7. O-O Bg4 8. Nbd2
cxd4 9. exd4 O-O 10. h3 Bxf3 11. Nxf3 Rc8 12. a3 Qd6 13. Re1 Rfd8 14. Qd2 e6
15. Rad1 Qb8 16. c4 b6 17. Qe3 Na5 18. Nd2 Nxb3 19. Nxb3 dxc4 20. Bb1 Nd5 21.
Qf3 c3 22. Bxc3 Rxc3 23. Rd3 Rdc8 24. Red1 Qd6 25. Nd2 Qxa3 26. Ne4 Rxd3 27.
Rxd3 Rc1+ 28. Kh2 Qa1 29. Nd6 Bf6 30. Ne8 Qxb1 31. Ra3 Rh1+ 32. Kg3 Qf5 33.
Qxf5 gxf5 34. Rxa7 h6 35. Nd6 Be7 36. Nc8 Bf8 0-1

[Event "XXVIII Festival Conca della Presolana A"]
[Site "Bratto - Castione della Presolana ITA"]
[Date "2008.08.29"]
[Round "8"]
[White "De Santis, Alessio"]
[Black "Astengo, Corrado"]
[Result "1/2-1/2"]
[WhiteElo "2295"]
[BlackElo "2121"]
[PlyCount "35"]
[EventDate "2008.08.22"]

1. d4 d5 2. Nc3 Nf6 3. Nf3 Bf5 4. Bf4 e6 5. e3 a6 6. Bd3 Bxd3 7. cxd3 Be7 8.
Qb3 b5 9. Rc1 Nbd7 10. O-O O-O 11. e4 b4 12. Na4 dxe4 13. Bxc7 Qe8 14. dxe4
Nxe4 15. Rfe1 Nef6 16. Nc5 Nxc5 17. dxc5 Nd5 18. Be5 1/2-1/2

[Event "XXVIII Festival Conca della Presolana A"]
[Site "Bratto - Castione della Presolana ITA"]
[Date "2008.08.29"]
[Round "8"]
[White "Di Fonzo, Valerio"]
[Black "Zinani, Alessandro"]
[Result "1-0"]
[WhiteElo "2212"]
[BlackElo "2240"]
[PlyCount "65"]
[EventDate "2008.08.22"]

1. e4 e6 2. d4 d5 3. Nc3 Bb4 4. e5 c5 5. a3 Bxc3+ 6. bxc3 Ne7 7. a4 Qa5 8. Bd2
c4 9. Nh3 Ng6 10. Be2 Nc6 11. O-O Bd7 12. f4 O-O-O 13. Qc1 Rdf8 14. Bh5 Nce7
15. Qa3 Nf5 16. Rf2 f6 17. Bg4 Nh6 18. Bd1 Nh4 19. Qb4 Qc7 20. a5 Be8 21. a6 b6
22. g3 N4f5 23. g4 Nh4 24. exf6 gxf6 25. f5 Qg7 26. Nf4 Bf7 27. Qe7 N6xf5 28.
Qb7+ Kd8 29. Qb8+ Kd7 30. Qxa7+ Kd6 31. Qxb6+ Kd7 32. Qb7+ Kd6 33. a7 1-0